| 000 | 00886nam a22002417a 4500 | ||
|---|---|---|---|
| 999 |
_c7198 _d7198 |
||
| 003 | AR-CdUCM | ||
| 008 | 190320b ||||| |||| 00| 0 spa d | ||
| 040 |
_aMUNICIPALIDAD PROVINCIAL DEL CUSCO _cBIBLIOTECA MUNICIPAL DEL CUSCO |
||
| 082 |
_a146 / _bM26 |
||
| 100 |
_aMarx, Carlos _92702 |
||
| 245 |
_aTesis sobre Feuerbach : _by otros escritos filosóficos / |
||
| 260 |
_aMexico : _bGrijalbo, _c1970 |
||
| 300 |
_a158 páginas ; _c17 cm. |
||
| 440 |
_aColección 70 _n72 _920286 |
||
| 505 | _aIntroducción a la dialéctica de la naturaleza -- El origen de la familia, la propiedad privada y el estado -- Ciencia de la historia... | ||
| 650 |
_aC. Marx. _920287 |
||
| 650 |
_aDialéctica de la naturaleza. _920288 |
||
| 650 |
_aLa propiedad privada. _920289 |
||
| 650 |
_aCiencia de la historia. _920290 |
||
| 700 |
_aEngels, Federico _95460 |
||
| 942 |
_2ddc _cLIBROS |
||
| 945 | _awfj | ||